000
00253nam a2200109Ia 4500
008
190907s9999||||xx |||||||||||||| ||und||
100
_a
Catherine Ricardo
245
0
_a
Database Systems
260
_a
USA
_b
McGraw-Hill
_c
1990
300
_a
576
942
_c
BK
999
_c
6357
_d
6357